000 00503nam a2200181Ia 4500
001 23085
005 20260414150914.0
008 260414t2015||||xx |||||||||||||| ||spa||
041 _aESP
082 _a624.1834
_bK468
100 _aKotsovos, Michael D.
_eAUT
245 0 _aFinite-element modelling of structural concrete :
_bshort-term static and dynamic loading conditions
260 _c2015
300 _axv, 365 páginas :
_c26 cm.
650 _a0
654 _aCIC
942 _cLIB
_dJUS
_fJUS
_2ddc
_n
999 _c23085
_d23085